Loading...
| Fine Arts - Classical Music and Opera | 2 | 15.00 | 100% | 50% | 0% |
| Fine Arts - Other Arts | 1 | 10.00 | 0% | 100% | 0% |
| Fine Arts - Painting and Sculpture | 1 | 20.00 | 100% | 100% | 0% |
| Geography | 1 | 20.00 | 100% | 100% | 0% |
| History - American History | 2 | 0.00 | 0% | 0% | 0% |
| History - Other History | 3 | 6.67 | 33% | 33% | 0% |
| History - World History | 1 | 0.00 | 0% | 0% | 0% |
| Literature - American Literature | 3 | 10.00 | 67% | 33% | 0% |
| Literature - British Literature | 2 | 10.00 | 50% | 50% | 0% |
| Literature - European Literature | 4 | 5.00 | 25% | 25% | 0% |
| Literature - World Literature | 4 | 10.00 | 75% | 25% | 0% |
| Modern World | 1 | 10.00 | 100% | 0% | 0% |
| Mythology | 1 | 0.00 | 0% | 0% | 0% |
| Other Academic | 2 | 5.00 | 50% | 0% | 0% |
| Other Culture | 1 | 10.00 | 0% | 100% | 0% |
| Other Science (Astronomy) | 1 | 0.00 | 0% | 0% | 0% |
| Other Science (Computer Science) | 1 | 0.00 | 0% | 0% | 0% |
| Other Science (Engineering) | 1 | 10.00 | 100% | 0% | 0% |
| Other Science (Math) | 1 | 0.00 | 0% | 0% | 0% |
| Philosophy | 1 | 10.00 | 100% | 0% | 0% |
| Religion | 3 | 6.67 | 33% | 33% | 0% |
| Science - Biology | 3 | 6.67 | 67% | 0% | 0% |
| Science - Chemistry | 2 | 0.00 | 0% | 0% | 0% |